Elektronika a konštrukcia číslicových zariadení

Uložené v:
Podrobná bibliografia
Hlavný autor: Burger, Ivan (Autor)
Médium: Kniha
Vydavateľské údaje: Bratislava : SVŠT v Bratislave, 1988
Tagy: Pridať tag
Žiadne tagy, Buďte prvý, kto otaguje tento záznam!

MARC

LEADER 00000nam a22000003a 4500
001 stu290438
005 20150617230302.0
008 140604s--------cs----------------------d
040 |a STU  |b slo 
041 0
044 |a cs 
100 1 |a Burger, Ivan  |4 aut 
245 1 |a Elektronika a konštrukcia číslicových zariadení 
260 |a Bratislava :  |b SVŠT v Bratislave,  |c 1988 
300 |a 96 s 
996 |c I*S812  |l II680  |s A  |a 24  |w stu290438_0001